Codazzi Fields and Loewner's Conjecture for Surfaces in 4-Space /

-д хадгалсан:
Номзүйн дэлгэрэнгүй
Үндсэн зохиолч: Gutiérrez Núñez, J. Miguel (autor)
Бусад зохиолчид: Romero Fuster, María del Carmen (autor) (autor), Sánchez Bringas, Federico (autor) (autor)
Формат: Ном
Хэл сонгох:англи
Цуврал:(Reportes de Investigación UNAM ; 8-03)
Нөхцлүүд:
Шошгууд: Шошго нэмэх
Шошго байхгүй, Энэхүү баримтыг шошголох эхний хүн болох!

MARC

LEADER 00000nam^a2200000^a^4500
001 000185898
005 20250521000000.0
009 20260310102208.953
037 |a Acervo ITESO - Biblioteca 
041 |a ING 
082 |a 516. 36  |b GUT 
100 |a Gutiérrez Núñez, J. Miguel  |e (autor) 
245 1 0 |a Codazzi Fields and Loewner's Conjecture for Surfaces in 4-Space /  |c J.M. Gutiérrez Núñez, M.C. Romero Fuster, F. Sánchez Bringas. 
264 |a México :  |b UNAM, Departamento de Matemáticas,  |c 2003 
300 |a 26 p. 
336 |a texto  |b txt  |2 rdacontenido 
337 |a sin mediación  |b n  |2 rdamedio 
338 |a volumen  |b nc  |2 rdasoporte 
440 1 |a (Reportes de Investigación UNAM ;  |v 8-03) 
649 |a XX 
650 |a Espacios Fibrados 
650 |a Superficies (Matemáticas) 
650 |a Cuerpos Algebraicos 
650 |a Geometría Diferencial 
650 |a Matemáticas -  |x Investigación 
650 |a Matemáticas -  |x Teoría 
700 |a Romero Fuster, María del Carmen  |e (autor) 
700 |a Sánchez Bringas, Federico  |e (autor) 
910 |a Fondo General 
920 |a Impresos - Libros 
930 |a Colección General 
905 |a 101 
901 |a 0500127429  |b IT1  |c ACC  |u 20250521 
902 |a https://opac.biblio.iteso.mx/vufind/Record/000185898